000 00213nam a2200073Ia 4500
008 170523s9999 xx 000 0 und d
100 _aMartinez-Duart- J.M.
245 0 _aNanotechnology for Microelectronics and Optoelectronics
260 _aElsevier
999 _c12248
_d12248